Catálogo

LIPPINCOTT'S ILLUSTRATED REVIEWS : (Registro nro. 59526)

Detalles MARC
000 -LEADER
fixed length control field 00513nam a2200193 a 4500
001 - CONTROL NUMBER
control field 59526
003 - CONTROL NUMBER IDENTIFIER
control field Mx-PuUPA
005 - DATE AND TIME OF LATEST TRANSACTION
control field 20251031124347.0
008 - FIXED-LENGTH DATA ELEMENTS--GENERAL INFORMATION
fixed length control field 140415s2013 xxu 000 0 eng d
020 ## - INTERNATIONAL STANDARD BOOK NUMBER
International Standard Book Number 9781451111545
040 ## - CATALOGING SOURCE
Transcribing agency Mx-PuUPA
041 ## - LANGUAGE CODE
Language code of text/sound track or separate title eng
082 ## - DEWEY DECIMAL CLASSIFICATION NUMBER
Classification number 616.079
Item number DOA
245 00 - TITLE STATEMENT
Title LIPPINCOTT'S ILLUSTRATED REVIEWS :
Remainder of title IMMUNOLOGY
250 ## - EDITION STATEMENT
Edition statement 2a ed.
260 ## - PUBLICATION, DISTRIBUTION, ETC.
Place of publication, distribution, etc. ESTADOS UNIDOS DE AMERICA :
Name of publisher, distributor, etc. LIPPINCOTT WILLIAMS AND WILKINS,
Date of publication, distribution, etc. 2013
300 ## - PHYSICAL DESCRIPTION
Extent 968
Dimensions 21.3 x 1.4 x 27.6
942 ## - ADDED ENTRY ELEMENTS (KOHA)
Source of classification or shelving scheme Dewey Decimal Classification
Koha item type Libro
Existencias
Withdrawn status Lost status Source of classification or shelving scheme Damaged status Not for loan Collection code Home library Current library Shelving location Date acquired Source of acquisition Inventory number Total Checkouts Full call number Barcode Date last seen Date last checked out Price effective from Koha item type
    Dewey Decimal Classification     General Biblioteca Karol Wojtyla Biblioteca Karol Wojtyla Sala general 03/12/2013 Compra 151000000000000000002830 1 616.079 DOA 89898 05/01/2026 28/11/2019 03/12/2013 Libro
    Dewey Decimal Classification     General Biblioteca Karol Wojtyla Biblioteca Karol Wojtyla Sala general 03/12/2013 Compra 151000000000000000002831   616.079 DOA 89899 05/01/2026 15/02/2018 03/12/2013 Libro